| 000 | 01036nam a2200265 i 4500 | ||
|---|---|---|---|
| 001 | 106054 | ||
| 003 | ES-MaACL | ||
| 005 | 20250721062617.0 | ||
| 007 | t| | ||
| 008 | 060922s1964 fr |||| | fre d | ||
| 080 | _a33 | ||
| 100 | 1 |
_aProudhon, Pierre-Joseph. _994052 |
|
| 245 | 1 | 0 |
_aSystème des contradictions économiques ou Philosophie de la misère _b: (extraits) / _cProudhon. Misère de la philosophie : réponse áa la Philosophie de la misère de Proudhon (texte integral) / Karl Marx. |
| 260 |
_aParis : _bUnion Générale d'Editions, _c[1964] |
||
| 300 |
_a500 p. ; _c18 cm. |
||
| 490 | 1 |
_aMonde en 10/18 ; _v198-200 |
|
| 600 | 1 | 4 |
_aProudhon, Pierre-Joseph. _tSystème des contradictions économiques. _994053 |
| 650 | 1 | 7 |
_aEconomía _2embne _912006 |
| 700 | 1 |
_aMarx, Karl, _d1818-1883 _978590 |
|
| 740 | 0 | 2 | _aPhilosophie de la misère. |
| 740 | 0 | 2 | _aMisère de la philosophie. |
| 830 | 0 |
_aMonde en 10/18 ; _v198-200 _9177593 |
|
| 852 |
_aES-MaACL _jAND-828 _z. - Biblioteca Juan Andrade |
||
| 999 |
_c106054 _d106054 |
||